[Event "US op 123nd"]
[Site "Grand Rapids"]
[Date "2023.08.01"]
[Round "4"]
[White "Moerlien, Puwit"]
[Black "Sairam, Pranav"]
[Result "1-0"]
[WhiteElo "1925"]
[BlackElo "1975"]
[PlyCount "77"]
[EventDate "2023.07.29"]
[EventType "swiss"]
[EventRounds "9"]
[EventCountry "USA"]
[SourceTitle "CBM 215 Extra"]
[Source "ChessBase"]
[SourceDate "2023.09.30"]
[SourceVersion "1"]
[SourceVersionDate "2023.09.30"]
[SourceQuality "1"]

1. d4 d5 2. c4 e6 3. Nc3 h6 4. Nf3 Nf6 5. Bf4 Bd6 6. Bxd6 Qxd6 7. e3 0-0 8. Bd3 dxc4 9. Bxc4 c5 10. 0-0 Nc6 11. Qe2 a6 12. dxc5 Qxc5 13. Rac1 e5 14. Rfd1 Bg4 15. Nd5 Nxd5 16. Bxd5 Qb6 17. h3 Bxf3 18. Qxf3 Rad8 19. Bxc6 bxc6 20. Rxd8 Rxd8 21. Rxc6 Qxb2 22. Rxa6 Qb1+ 23. Kh2 Qd3 24. Ra8 Rxa8 25. Qxa8+ Kh7 26. a4 Qc2 27. f3 f5 28. a5 Qc5 29. a6 Qxe3 30. Qc6 e4 31. fxe4 Qf4+ 32. Kg1 Qe3+ 33. Kh1 fxe4 34. Qc7 Qa3 35. a7 Qa6 36. Qb8 Qf1+ 37. Kh2 e3 38. a8Q e2 39. Qe4+ 1-0

[Event "Veliko Gradiste Silver Lake op-A"]
[Site "Veliko Gradiste"]
[Date "2022.06.23"]
[Round "6"]
[White "Moerlien, Puwit"]
[Black "Djokic, Mihailo"]
[Result "1/2-1/2"]
[WhiteElo "1806"]
[BlackElo "2194"]
[PlyCount "88"]
[EventDate "2022.06.19"]
[EventType "swiss"]
[EventRounds "9"]
[EventCountry "SRB"]
[SourceTitle "CBM 209 Extra"]
[Source "ChessBase"]
[SourceDate "2022.09.30"]
[SourceVersion "1"]
[SourceVersionDate "2022.09.30"]
[SourceQuality "1"]

1. d4 Nf6 2. c4 g6 3. Nc3 Bg7 4. e4 d6 5. Nf3 0-0 6. Be2 e5 7. 0-0 Nc6 8. d5 Ne7 9. Ne1 Nd7 10. Be3 f5 11. f3 f4 12. Bf2 g5 13. Rc1 Ng6 14. c5 Nxc5 15. b4 Na6 16. Nd3 b6 17. Nb5 Bd7 18. a4 Qe8 19. Be1 Bf6 20. Nf2 Bd8 21. Nxd6 cxd6 22. Bxa6 Bxa4 23. Qd3 Bd7 24. Qa3 Rb8 25. Be2 b5 26. Nd3 Bb6+ 27. Bf2 Bxf2+ 28. Nxf2 Rb7 29. Qa6 Qb8 30. Kh1 Rc8 31. h3 Kf7 32. Rxc8 Bxc8 33. Rc1 Bd7 34. Nd1 h5 35. Ra1 Ne7 36. Nc3 Nc8 37. Qa5 a6 38. Qd8 Qc7 39. Qxg5 Qxc3 40. Qxh5+ Ke7 41. Qh4+ Ke8 42. Qh8+ Kf7 43. Qh7+ Kf8 44. Qh8+ Ke7 1/2-1/2

[Event "Veliko Gradiste Silver Lake op-A"]
[Site "Veliko Gradiste"]
[Date "2022.06.22"]
[Round "5"]
[White "Phatak, Aanjaneya"]
[Black "Moerlien, Puwit"]
[Result "0-1"]
[WhiteElo "2145"]
[BlackElo "1806"]
[PlyCount "84"]
[EventDate "2022.06.19"]
[EventType "swiss"]
[EventRounds "9"]
[EventCountry "SRB"]
[SourceTitle "CBM 209 Extra"]
[Source "ChessBase"]
[SourceDate "2022.09.30"]
[SourceVersion "1"]
[SourceVersionDate "2022.09.30"]
[SourceQuality "1"]

1. e4 e5 2. Nf3 Nc6 3. Bb5 a6 4. Ba4 Nf6 5. 0-0 Be7 6. Re1 b5 7. Bb3 0-0 8. a4 Bb7 9. d3 d6 10. h3 b4 11. a5 h6 12. Nbd2 Re8 13. Nc4 Bc8 14. Ne3 Bf8 15. Bd2 Rb8 16. Bc4 Ne7 17. Qb1 Ng6 18. Qa2 Qd7 19. Nd5 Nxd5 20. exd5 Qf5 21. Qa4 Bd7 22. Qb3 Qh5 23. d4 e4 24. Nh2 Bb5 25. Qxb4 Bxc4 26. Qxc4 Rxb2 27. Qc6 Reb8 28. Bc1 R2b5 29. c4 Rb1 30. Be3 R1b2 31. Qxc7 f5 32. Bc1 R2b3 33. Ra3 Rb1 34. Rae3 Nf4 35. Ba3 Nd3 36. Rf1 Rxf1+ 37. Nxf1 Rb1 38. Kh2 Rxf1 39. Bxd6 Nxf2 40. g4 Nxg4+ 41. Kg3 Rg1+ 42. Kf4 Qg5# 0-1